LDR 00991naa#a2200181#i#450# 001 RU\RIOR\bibl\124489 005 20260629104114.1 011 ## _a2409-6024 100 ## _a20260530b2026####ek#y0rusy0150####ca 102 ## _aRU 200 1# _aАНАЛИЗ ДИНАМИКИ И НАПРАВЛЕНИЙ РАЗВИТИЯ ИММЕРСИВНЫХ ТЕХНОЛОГИЙ _eЖурнальная статья 210 1# _aМосква _cООО "Издательский Центр РИОР" _d2026 215 ## _a13 с. 608 ## _aЖурнальная статья _2local 675 ## _aЭкономическое положение. Конъюнктура. Развитие хозяйственной структуры. Экономический рост. 338.1 _aПрикладные информационные (компьютерные) технологии. 004.9 _z 700 #1 _aБурмакин _gВладислав Михайлович 700 #1 _aШматко _gАлексей Дмитриевич 856 4# _ariorpub.com _u